| 000 | 00363nam a22001457a 4500 | ||
|---|---|---|---|
| 082 | _aP-453 | ||
| 100 |
_aUsman _948329 |
||
| 245 |
_aTraffic Analysis of Lahore Ring Road Project: _cUsman, Abrar. |
||
| 260 |
_aRisalpur: _bMCE: |
||
| 300 | _ap 88: | ||
| 526 |
_a0 _b0 _c0 _dP_493 |
||
| 650 | _aProject: | ||
| 700 |
_aAnees Ur Rehman Maj. _948330 |
||
| 942 |
_2ddc _cBK |
||
| 999 |
_c551309 _d551309 |
||